| 000 | 01605nam a2200361 a 4500 | ||
|---|---|---|---|
| 001 | 0000327 | ||
| 003 | DO-SdBNP | ||
| 005 | 20180306090106.0 | ||
| 007 | 0000327 | ||
| 008 | 150817s2005 000 spa d | ||
| 020 | _a99993472786 | ||
| 040 |
_aBPMSU _bspa _cBPMSU |
||
| 092 |
_a372.61 _bR696l, 2do. 2005 |
||
| 100 | _aRodríguez Jordana, María C. | ||
| 245 | 1 | 0 |
_aLengua 2 / _b[educación básica] _cMaría C. Rodríguez Jordana, A. Fernández Buñuel ; ilustraciones A. Clariana R. Cúlla. |
| 260 |
_aSanto Domingo : _bVicens Vives _c2005. |
||
| 300 |
_a167p. _bil. retrs. _c27 cm. |
||
| 490 | 1 | _aDelfín | |
| 505 |
_tVolvemos a la escuela -- _t¡ Ya no estoy solo! -- _tLas aventuras de Alicia -- _tLa fiesta de los sentidos -- _tJugamos y hacemos deporte -- _tHa llegado la Navidad -- _tUna amistad poco común -- _tEl castillo de los gigantes _tUna buena elección -- _t¡ Cómo pasa el tiempo ! -- _tUna buena noticia -- _tAgencia de viajes -- _tOtras formas de comunicación -- _tLa chichigua pasa por el cielo -- _tUna vista al zoológico -- _tLlegan las vacaciones -- |
||
| 650 |
_aGRAMÁTICA _xENSEÑANZA BÁSICA |
||
| 650 |
_aGRAMÁTICA _xEDUCACIÓN PRIMARIA |
||
| 650 |
_aEDUCACIÓN PRIMARIA _zREPÚBLICA DOMINICANA |
||
| 650 |
_aGRAMÁTICA _xLIBROS DE TEXTO |
||
| 650 |
_aGRAMÁTICA _xESTUDIOS Y EJERCICIOS |
||
| 700 | 1 | _aFernández Buñuel, A. | |
| 700 | 1 | _aRodríguez Jordana, María C. | |
| 700 | 1 |
_aR. Cúlla, A. Clariana _eil. |
|
| 830 | 0 | _pDelfín | |
| 910 | _a00144 | ||
| 942 |
_2ddc _cBK |
||
| 945 | _ainventariado, 2018 / dg | ||
| 956 |
_aYngrid Lockward _b10 |
||
| 999 |
_c8241 _d8241 |
||